000
00309nam a2200121Ia 4500
005
20251222143137.0
008
251222s9999||||xx |||||||||||||| ||spa||
082
_a
657.3/F43E
100
_a
Ferrer Quea, Alejandro
245
0
_a
Estados Financieros Consolidados
264
_b
Estudios Torres Quea
942
_c
LIB
999
_c
12173
_d
12173